[Event "Olomouc Chess Summer 2022 - B1"]
[Site "Olomouc (CZE), Hotel Flora"]
[Date "2022.08.16"]
[Round "5"]
[Board "5"]
[White "Kusa, Jakub"]
[Black "Nagy, Ladislav"]
[Result "1-0"]
[WhiteElo "2373"]
[BlackElo "2194"]
[PlyCount "0"]
[EventDate "2022.08.13"]
[EventRounds "9"]
[EventCountry "CZE"]

1. d4 {[%clk 1:30:57]} Nf6 {[%clk 1:30:49]} 2. c4 {[%clk 1:31:16]} e6
{[%clk 1:31:01]} 3. Nf3 {[%clk 1:31:37]} d5 {[%clk 1:31:08]} 4. g3
{[%clk 1:31:55]} dxc4 {[%clk 1:31:16]} 5. Bg2 {[%clk 1:32:08]} Nc6
{[%clk 1:31:00]} 6. Qa4 {[%clk 1:32:11]} Bb4+ {[%clk 1:30:32]} 7. Bd2
{[%clk 1:32:31]} Nd5 {[%clk 1:29:57]} 8. Bxb4 {[%clk 1:32:25]} Ndxb4
{[%clk 1:30:10]} 9. Nc3 {[%clk 1:31:51]} Bd7 {[%clk 1:29:01]} 10. O-O
{[%clk 1:30:42]} a5 {[%clk 1:28:04]} 11. Qd1 {[%clk 1:30:21]} O-O
{[%clk 1:27:21]} 12. e3 {[%clk 1:29:56]} a4 {[%clk 1:25:53]} 13. Nxa4
{[%clk 1:30:05]} Nxd4 {[%clk 1:24:51]} 14. Qxd4 {[%clk 1:30:04]} Bxa4
{[%clk 1:24:09]} 15. Qxc4 {[%clk 1:30:26]} Qe7 {[%clk 1:23:24]} 16. Rac1
{[%clk 1:29:22]} c6 {[%clk 1:07:40]} 17. Nd4 {[%clk 1:27:54]} Ra5
{[%clk 0:45:21]} 18. a3 {[%clk 1:01:09]} Nd5 {[%clk 0:44:14]} 19. Bxd5
{[%clk 0:58:39]} exd5 {[%clk 0:36:11]} 20. Qb4 {[%clk 0:58:12]} Qxb4
{[%clk 0:26:06]} 21. axb4 {[%clk 0:58:40]} Ra6 {[%clk 0:15:05]} 22. b3
{[%clk 0:58:36]} Bb5 {[%clk 0:15:33]} 23. Nxb5 {[%clk 0:58:00]} cxb5
{[%clk 0:16:02]} 24. Rc7 {[%clk 0:52:16]} Rb6 {[%clk 0:09:27]} 25. Rd1
{[%clk 0:50:47]} g6 {[%clk 0:08:17]} 26. Rxd5 {[%clk 0:50:37]} Ra8
{[%clk 0:08:19]} 27. Rd4 {[%clk 0:48:45]} Rf6 {[%clk 0:05:02]} 28. Rxb7
{[%clk 0:45:40]} Ra2 {[%clk 0:02:15]} 29. Rf4 {[%clk 0:46:03]} Rxf4
{[%clk 0:02:42]} 30. gxf4 {[%clk 0:45:36]} Rb2 {[%clk 0:02:39]} 31. Rxb5
{[%clk 0:45:20]} Rxb3 {[%clk 0:02:31]} 32. Kg2 {[%clk 0:44:50]} Kg7
{[%clk 0:02:25]} 33. Rb8 {[%clk 0:44:13]} Kf6 {[%clk 0:01:44]} 34. Kf3
{[%clk 0:42:56]} Ke6 {[%clk 0:00:57]} 35. b5 {[%clk 0:41:53]} Kd6
{[%clk 0:00:52]} 36. Rb7 {[%clk 0:41:39]} Ke6 {[%clk 0:01:10]} 37. Rb8
{[%clk 0:37:48]} h5 {[%clk 0:00:51]} 38. b6 {[%clk 0:33:53]} Rb4 {[%clk 0:00:46]}
39. e4 {[%clk 0:30:32]} Rb3+ {[%clk 0:00:45]} 40. Ke2 {[%clk 0:29:41]} Rb2+
{[%clk 0:00:34]} 41. Ke3 {[%clk 0:29:28]} Ke7 {[%clk 0:23:34]} 42. h4
{[%clk 0:54:52]} Kf6 {[%clk 0:17:08]} 43. f3 {[%clk 0:52:44]} Ke7
{[%clk 0:05:31]} 44. Kd4 {[%clk 0:51:20]} Kd6 {[%clk 0:03:59]} 45. b7
{[%clk 0:49:31]} Ke7 {[%clk 0:02:52]} 46. e5 {[%clk 0:49:42]} Rd2+
{[%clk 0:00:42]} 47. Kc3 {[%clk 0:48:55]} Rd7 {[%clk 0:00:41]} 48. Re8+
{[%clk 0:47:58]} Kxe8 {[%clk 0:01:02]} 49. b8=Q+ {[%clk 0:48:20]} Rd8
{[%clk 0:00:46]} 50. Qb6 {[%clk 0:48:36]} Ke7 {[%clk 0:00:00]}  1-0

[Event "Olomouc Chess Summer 2022 - B1"]
[Site "Olomouc (CZE), Hotel Flora"]
[Date "2022.08.17"]
[Round "6"]
[Board "2"]
[White "Lalic, Bogdan"]
[Black "Kusa, Jakub"]
[Result "1/2-1/2"]
[WhiteElo "2415"]
[BlackElo "2373"]
[PlyCount "0"]
[EventDate "2022.08.13"]
[EventRounds "9"]
[EventCountry "CZE"]

1. d4 {[%clk 1:30:22]} d5 {[%clk 1:30:47]} 2. c4 {[%clk 1:30:41]} e6
{[%clk 1:31:10]} 3. Nc3 {[%clk 1:31:03]} a6 {[%clk 1:31:22]} 4. cxd5
{[%clk 1:31:08]} exd5 {[%clk 1:31:44]} 5. Bf4 {[%clk 1:31:25]} c6
{[%clk 1:31:32]} 6. e3 {[%clk 1:31:33]} Bd6 {[%clk 1:31:18]} 7. Qf3
{[%clk 1:30:46]} Ne7 {[%clk 1:25:22]} 8. Bd3 {[%clk 1:30:59]} O-O
{[%clk 1:24:27]} 9. Nge2 {[%clk 1:31:12]} Bxf4 {[%clk 1:23:41]} 10. Nxf4
{[%clk 1:30:55]} Nd7 {[%clk 1:22:28]} 11. O-O {[%clk 1:30:56]}  1/2-1/2

[Event "Olomouc Chess Summer 2022 - B1"]
[Site "Olomouc (CZE), Hotel Flora"]
[Date "2022.08.17"]
[Round "6"]
[Board "4"]
[White "Stinka, Jakub"]
[Black "Gimenez Menchon, Cesar"]
[Result "1-0"]
[WhiteElo "2329"]
[BlackElo "2205"]
[PlyCount "0"]
[EventDate "2022.08.13"]
[EventRounds "9"]
[EventCountry "CZE"]

1. d4 d6 2. Nf3 Nf6 3. c4 g6 4. Nc3 Nbd7 5. e4 e5 6. Be2 Bg7 7. O-O O-O 8. Be3
Qe7 9. Qc2 c6 10. d5 c5 11. Ne1 h6 12. Nd3 Nh7 13. Qd2 h5 14. Bh6 Ndf6 15. Bxg7
Kxg7 16. f4 Nd7 17. Rae1 exf4 18. Qxf4 f6 19. Qg3 Kh6 20. Nf4 Ne5 21. Nd1 Ng5 22.
Qh4 Bd7 23. Ne3 Kg7 24. Bd1 a6 25. Bc2 b5 26. Qg3 Kh7 27. b3 Rg8 28. Rf2 Rab8 29.
Ref1 bxc4 30. bxc4 Rb2 31. h4 Ngf7 32. Ne6 Bxe6 33. dxe6 Qxe6 34. Nd5 Rg7 35.
Rxf6 Qg4 36. Qc3 Rb7 37. Rxd6 Qxh4 38. Nf6+ Kh6 39. Rxa6 Qg5 40. Ne8 Rg8 41. Nf6
Rd8 42. Nd5 Rd6 43. Ra8 Rd8 44. Ra5 Rc8 45. Ra6 Ng4 46. Bd1 Rb1 47. Bxg4 Rxf1+
48. Kxf1 Qxg4 49. Ne7 Qd1+ 50. Kf2 Nd6 51. Qe3+ Kh7 52. Nxc8 Qc2+ 53. Kg1 Qb1+
54. Kh2 Nxc8 55. Qf4 Qb7 56. Rf6 Ne7 57. Rf7+ Kg8 58. Rf8+  1-0

[Event "Olomouc Chess Summer 2022 - B1"]
[Site "Olomouc (CZE), Hotel Flora"]
[Date "2022.08.18"]
[Round "7"]
[Board "2"]
[White "Gimenez Menchon, Cesar"]
[Black "Kukelko, Alexey"]
[Result "0-1"]
[WhiteElo "2205"]
[BlackElo "2260"]
[PlyCount "0"]
[EventDate "2022.08.13"]
[EventRounds "9"]
[EventCountry "CZE"]

1. e4 {[%clk 1:30:44]} c5 {[%clk 1:26:35]} 2. c3 {[%clk 1:31:05]} d5
{[%clk 1:26:57]} 3. exd5 {[%clk 1:31:28]} Qxd5 {[%clk 1:27:22]} 4. d4
{[%clk 1:31:53]} Nf6 {[%clk 1:27:50]} 5. Nf3 {[%clk 1:32:15]} e6 {[%clk 1:28:11]}
6. Na3 {[%clk 1:32:38]} a6 {[%clk 1:28:12]} 7. Nc4 {[%clk 1:26:34]} Nbd7
{[%clk 1:27:03]} 8. a4 {[%clk 1:26:25]} b6 {[%clk 1:22:47]} 9. Be3
{[%clk 1:24:52]} cxd4 {[%clk 1:20:04]} 10. Bxd4 {[%clk 1:10:54]} Qc6
{[%clk 1:18:52]} 11. Be2 {[%clk 1:04:15]} Bb7 {[%clk 1:19:12]} 12. O-O
{[%clk 1:00:25]} Rd8 {[%clk 1:16:01]} 13. Qb3 {[%clk 0:55:45]} Bc5
{[%clk 1:16:04]} 14. Bxc5 {[%clk 0:53:34]} Qxc5 {[%clk 1:15:57]} 15. Qa3
{[%clk 0:48:16]} Qxa3 {[%clk 1:12:09]} 16. Rxa3 {[%clk 0:48:28]} Ke7
{[%clk 1:11:43]} 17. Rd1 {[%clk 0:40:20]} Nd5 {[%clk 1:03:05]} 18. Nd4
{[%clk 0:40:04]} Rc8 {[%clk 1:01:37]} 19. Bf1 {[%clk 0:29:35]} h5
{[%clk 0:58:28]} 20. Re1 {[%clk 0:27:57]} g6 {[%clk 0:58:20]} 21. h3
{[%clk 0:27:15]} h4 {[%clk 0:57:51]} 22. Ne3 {[%clk 0:21:54]} Rh5
{[%clk 0:49:59]} 23. Rb3 {[%clk 0:21:11]} Kd8 {[%clk 0:45:16]} 24. Nc4
{[%clk 0:19:03]} Nc5 {[%clk 0:27:27]} 25. Ra3 {[%clk 0:19:28]} Kc7
{[%clk 0:25:51]} 26. Re5 {[%clk 0:18:12]} Rhh8 {[%clk 0:25:25]} 27. Re1
{[%clk 0:11:38]} Nf4 {[%clk 0:24:25]} 28. Re3 {[%clk 0:08:19]} f6
{[%clk 0:19:17]} 29. b4 {[%clk 0:06:19]} Ne4 {[%clk 0:19:33]} 30. f3
{[%clk 0:05:16]} Ng5 {[%clk 0:19:30]} 31. a5 {[%clk 0:04:41]} b5 {[%clk 0:19:34]}
32. Nb6 {[%clk 0:05:06]} Rcd8 {[%clk 0:19:48]} 33. Ra1 {[%clk 0:02:50]} Rd6
{[%clk 0:16:59]} 34. Bxb5 {[%clk 0:00:54]} e5 {[%clk 0:12:25]} 35. Bxa6
{[%clk 0:00:56]} Bxa6 {[%clk 0:12:48]} 36. Nb3 {[%clk 0:01:01]} Nd3
{[%clk 0:09:52]} 37. Rd1 {[%clk 0:00:42]} Rhd8 {[%clk 0:10:11]} 38. Rd2
{[%clk 0:00:54]} Ne6 {[%clk 0:10:11]} 39. Kh2 {[%clk 0:00:57]} g5
{[%clk 0:08:21]} 40. Kg1 {[%clk 0:00:47]} Nef4 {[%clk 0:06:05]} 41. Kh2
{[%clk 0:25:31]} Rc6 {[%clk 0:32:38]} 42. Na4 {[%clk 0:22:32]} Ne6
{[%clk 0:33:00]} 43. Nb2 {[%clk 0:20:35]} Rxc3 {[%clk 0:32:55]} 44. Na1
{[%clk 0:14:43]} Nef4 {[%clk 0:31:07]} 45. Nc2 {[%clk 0:14:16]} Rb3
{[%clk 0:28:26]} 46. Na4 {[%clk 0:11:19]} Bb5 {[%clk 0:26:45]} 47. Nb6
{[%clk 0:09:11]} Rb2 {[%clk 0:25:58]} 48. g3 {[%clk 0:07:36]} hxg3+
{[%clk 0:25:42]} 49. Kxg3 {[%clk 0:08:00]} f5 {[%clk 0:25:08]} 50. h4
{[%clk 0:07:00]} Rh8 {[%clk 0:25:15]} 51. h5 {[%clk 0:02:23]} Rxh5
{[%clk 0:24:38]}  0-1

[Event "Olomouc Chess Summer 2022 - B1"]
[Site "Olomouc (CZE), Hotel Flora"]
[Date "2022.08.18"]
[Round "7"]
[Board "3"]
[White "Nytra, Ondrej"]
[Black "Stinka, Jakub"]
[Result "0-1"]
[WhiteElo "2202"]
[BlackElo "2329"]
[PlyCount "0"]
[EventDate "2022.08.13"]
[EventRounds "9"]
[EventCountry "CZE"]

1. e4 {[%clk 1:30:53]} e6 {[%clk 1:30:48]} 2. d4 {[%clk 1:29:34]} d5
{[%clk 1:30:43]} 3. exd5 {[%clk 1:29:06]} exd5 {[%clk 1:31:03]} 4. g3
{[%clk 1:29:31]} Nf6 {[%clk 1:29:02]} 5. Bg2 {[%clk 1:29:20]} Bd6
{[%clk 1:24:42]} 6. Ne2 {[%clk 1:28:35]} O-O {[%clk 1:23:14]} 7. O-O
{[%clk 1:25:26]} Re8 {[%clk 1:20:53]} 8. Bg5 {[%clk 1:17:54]} c6 {[%clk 1:20:13]}
9. c3 {[%clk 1:14:32]} Bf5 {[%clk 1:11:51]} 10. a4 {[%clk 1:10:32]} Nbd7
{[%clk 1:06:00]} 11. f3 {[%clk 1:07:27]} Nf8 {[%clk 0:50:24]} 12. Bf4
{[%clk 1:06:46]} Rxe2 {[%clk 0:48:00]} 13. Qxe2 {[%clk 1:07:04]} Bxf4
{[%clk 0:48:28]} 14. gxf4 {[%clk 1:07:28]} Ng6 {[%clk 0:48:30]} 15. Qd2
{[%clk 1:05:52]} Nh5 {[%clk 0:46:57]} 16. Na3 {[%clk 1:03:08]} Nhxf4
{[%clk 0:46:47]} 17. Rae1 {[%clk 1:01:07]} Qg5 {[%clk 0:40:11]} 18. Kh1
{[%clk 1:00:43]} Nh4 {[%clk 0:38:11]} 19. Rf2 {[%clk 1:01:01]} Nd3
{[%clk 0:30:57]} 20. Rfe2 {[%clk 1:00:06]} Qd8 {[%clk 0:27:35]} 21. Rd1
{[%clk 0:55:05]} h6 {[%clk 0:23:37]} 22. Qe3 {[%clk 0:54:14]} Qg5
{[%clk 0:21:17]} 23. Nc2 {[%clk 0:32:47]} Nf4 {[%clk 0:19:25]} 24. Ne1
{[%clk 0:32:38]} Nxe2 {[%clk 0:18:41]} 25. Qxe2 {[%clk 0:33:06]} Ng6
{[%clk 0:17:37]} 26. Bf1 {[%clk 0:31:50]} Kf8 {[%clk 0:16:01]} 27. Ng2
{[%clk 0:31:38]} Re8 {[%clk 0:16:22]} 28. Qf2 {[%clk 0:32:05]} Bh3
{[%clk 0:15:42]} 29. Re1 {[%clk 0:30:34]} Bxg2+ {[%clk 0:14:42]} 30. Bxg2
{[%clk 0:30:59]} Rxe1+ {[%clk 0:14:48]} 31. Qxe1 {[%clk 0:31:27]} Nh4
{[%clk 0:14:46]} 32. Bf1 {[%clk 0:31:19]} Nxf3 {[%clk 0:14:15]} 33. Qf2
{[%clk 0:31:47]} Nh4 {[%clk 0:12:45]} 34. c4 {[%clk 0:30:54]} Qf5
{[%clk 0:11:50]} 35. Qxf5 {[%clk 0:30:34]} Nxf5 {[%clk 0:12:18]} 36. cxd5
{[%clk 0:30:59]} cxd5 {[%clk 0:12:36]} 37. Bg2 {[%clk 0:31:27]} Ne3
{[%clk 0:12:12]}  0-1

[Event "Olomouc Chess Summer 2022 - B1"]
[Site "Olomouc (CZE), Hotel Flora"]
[Date "2022.08.18"]
[Round "7"]
[Board "4"]
[White "Kusa, Jakub"]
[Black "Poschadel, Andreas Gregor"]
[Result "1-0"]
[WhiteElo "2373"]
[BlackElo "2073"]
[PlyCount "0"]
[EventDate "2022.08.13"]
[EventRounds "9"]
[EventCountry "CZE"]

1. d4 Nf6 2. c4 e6 3. g3 d5 4. Nf3 Bb4+ 5. Bd2 Be7 6. Bg2 O-O 7. O-O c6 8. Qc2
Nbd7 9. Rd1 a5 10. Bf4 Nh5 11. Bc1 Nhf6 12. Nc3 b6 13. Ne5 Nxe5 14. dxe5 Nd7 15.
cxd5 cxd5 16. e4 d4 17. Rxd4 Qc7 18. Bf4 g5 19. Be3 Nxe5 20. Rc1 Ng4 21. Nd5 Qa7
22. Nxe7+ Qxe7 23. Bd2 Ba6 24. e5 Rac8 25. Qe4 Rxc1+ 26. Bxc1 f5 27. exf6 Qxf6
28. Be3 Nxf2 29. Qc2 Nd3 30. Rxd3 Bxd3 31. Qxd3 Qxb2 32. h3 Qa1+ 33. Kh2 Qxa2 34.
Qb5 Rf5 35. Qxb6 a4 36. g4 Rf8 37. Bc5 Re8 38. Qb5 Rd8 39. Be7 Rc8 40. Qxg5+ Kf7
41. Bf6 Rg8 42. Qf4 a3 43. Bh4+ Ke8 44. Qf6 Kd7 45. Qe7+  1-0

[Event "Olomouc Chess Summer 2022 - B1"]
[Site "Olomouc (CZE), Hotel Flora"]
[Date "2022.08.18"]
[Round "7"]
[Board "5"]
[White "Nagy, Ladislav"]
[Black "Lalic, Bogdan"]
[Result "1/2-1/2"]
[WhiteElo "2194"]
[BlackElo "2415"]
[PlyCount "0"]
[EventDate "2022.08.13"]
[EventRounds "9"]
[EventCountry "CZE"]

1. e4 {[%clk 1:30:57]} c5 {[%clk 1:29:07]} 2. Nf3 {[%clk 1:31:19]} d6
{[%clk 1:28:51]} 3. d4 {[%clk 1:31:37]} cxd4 {[%clk 1:28:49]} 4. Qxd4
{[%clk 1:31:58]} Nf6 {[%clk 1:28:46]} 5. Nc3 {[%clk 1:30:29]} Nc6
{[%clk 1:28:45]} 6. Bb5 {[%clk 1:30:22]} Bd7 {[%clk 1:29:06]} 7. Bxc6
{[%clk 1:30:23]} Bxc6 {[%clk 1:29:27]} 8. Bg5 {[%clk 1:30:17]} e6
{[%clk 1:29:45]} 9. O-O-O {[%clk 1:29:54]} Be7 {[%clk 1:29:36]} 10. Qd3
{[%clk 1:28:58]} Qa5 {[%clk 1:29:52]} 11. Bd2 {[%clk 1:29:04]} Qa6
{[%clk 1:29:02]} 12. Qxa6 {[%clk 1:28:34]} bxa6 {[%clk 1:29:25]} 13. Rhe1
{[%clk 1:22:43]} O-O {[%clk 1:28:01]} 14. Nd4 {[%clk 1:21:20]} Bb7
{[%clk 1:28:16]} 15. Bf4 {[%clk 1:15:12]} Rfd8 {[%clk 1:28:05]} 16. Nb3
{[%clk 1:01:15]} Rac8 {[%clk 1:27:02]} 17. f3 {[%clk 0:57:02]} d5
{[%clk 1:27:09]} 18. exd5 {[%clk 0:54:01]} Nxd5 {[%clk 1:27:28]} 19. Nxd5
{[%clk 0:54:17]} Bxd5 {[%clk 1:24:04]} 20. Kb1 {[%clk 0:50:19]} g5
{[%clk 1:12:11]} 21. Be3 {[%clk 0:47:06]} Rd7 {[%clk 1:11:09]} 22. Rd2
{[%clk 0:42:43]} f6 {[%clk 1:07:39]} 23. Rc1 {[%clk 0:38:35]} Rdc7
{[%clk 1:00:47]} 24. c3 {[%clk 0:30:14]}  1/2-1/2

[Event "Olomouc Chess Summer 2022 - B1"]
[Site "Olomouc (CZE), Hotel Flora"]
[Date "2022.08.19"]
[Round "8"]
[Board "1"]
[White "Jurek, Josef"]
[Black "Lalic, Bogdan"]
[Result "1/2-1/2"]
[WhiteElo "2212"]
[BlackElo "2415"]
[PlyCount "0"]
[EventDate "2022.08.13"]
[EventRounds "9"]
[EventCountry "CZE"]

1. d4 {[%clk 1:30:56]} Nf6 {[%clk 1:27:36]} 2. Nf3 {[%clk 1:31:09]} d5
{[%clk 1:27:51]} 3. c4 {[%clk 1:31:20]} e6 {[%clk 1:28:07]} 4. Nc3
{[%clk 1:31:30]} dxc4 {[%clk 1:28:20]} 5. e4 {[%clk 1:31:43]} Bb4
{[%clk 1:28:37]} 6. Bg5 {[%clk 1:31:48]} h6 {[%clk 1:28:43]} 7. Bxf6
{[%clk 1:31:43]} Qxf6 {[%clk 1:29:05]} 8. Bxc4 {[%clk 1:31:28]} c5
{[%clk 1:29:24]} 9. O-O {[%clk 1:27:20]} O-O {[%clk 1:29:46]} 10. a3
{[%clk 1:23:56]} Bxc3 {[%clk 1:29:47]}  1/2-1/2

[Event "Olomouc Chess Summer 2022 - B1"]
[Site "Olomouc (CZE), Hotel Flora"]
[Date "2022.08.19"]
[Round "8"]
[Board "2"]
[White "Poschadel, Andreas Gregor"]
[Black "Nagy, Ladislav"]
[Result "0-1"]
[WhiteElo "2073"]
[BlackElo "2194"]
[PlyCount "0"]
[EventDate "2022.08.13"]
[EventRounds "9"]
[EventCountry "CZE"]

1. e4 {[%clk 1:30:55]} c5 {[%clk 1:30:53]} 2. Nf3 {[%clk 1:31:17]} Nc6
{[%clk 1:31:14]} 3. d4 {[%clk 1:31:38]} cxd4 {[%clk 1:31:36]} 4. Nxd4
{[%clk 1:31:58]} e6 {[%clk 1:31:50]} 5. Nc3 {[%clk 1:31:48]} Qc7 {[%clk 1:32:05]}
6. g3 {[%clk 1:31:43]} d6 {[%clk 1:25:12]} 7. Bg2 {[%clk 1:31:45]} Bd7
{[%clk 1:21:02]} 8. O-O {[%clk 1:31:30]} a6 {[%clk 1:19:13]} 9. Nxc6
{[%clk 1:21:16]} Bxc6 {[%clk 1:17:24]} 10. Be3 {[%clk 1:20:31]} Nf6
{[%clk 1:15:26]} 11. f4 {[%clk 1:13:24]} Be7 {[%clk 1:06:39]} 12. a3
{[%clk 1:06:09]} Rd8 {[%clk 0:59:51]} 13. f5 e5 {[%clk 0:39:21]} 14. Bf3
{[%clk 0:42:25]} b5 {[%clk 0:34:33]} 15. Qd3 {[%clk 0:37:25]} h6 {[%clk 0:28:44]}
16. Rad1 {[%clk 0:34:09]} Qb7 {[%clk 0:28:32]} 17. Rfe1 {[%clk 0:26:01]} Rd7
{[%clk 0:27:49]} 18. h3 {[%clk 0:14:43]} O-O {[%clk 0:25:20]} 19. Bf2
{[%clk 0:12:32]} Rfd8 {[%clk 0:24:19]} 20. Nd5 {[%clk 0:08:43]} Bxd5
{[%clk 0:22:56]} 21. exd5 {[%clk 0:09:10]} Rc8 {[%clk 0:21:25]} 22. c3
{[%clk 0:06:39]} Bd8 {[%clk 0:21:14]} 23. Kg2 {[%clk 0:05:15]} Bb6
{[%clk 0:20:52]} 24. Be3 {[%clk 0:03:34]} Bxe3 {[%clk 0:20:10]} 25. Rxe3
{[%clk 0:04:00]} Qc7 {[%clk 0:17:25]} 26. Qd2 {[%clk 0:00:43]} Qc5
{[%clk 0:16:23]} 27. Be4 {[%clk 0:00:41]} a5 {[%clk 0:13:21]} 28. Kf3
{[%clk 0:00:36]} Rb7 {[%clk 0:12:29]} 29. g4 {[%clk 0:00:34]} b4 {[%clk 0:10:19]}
30. cxb4 {[%clk 0:00:34]} axb4 {[%clk 0:10:40]} 31. a4 {[%clk 0:00:44]} Qa5
{[%clk 0:07:27]} 32. Ra1 {[%clk 0:00:33]} Rbc7 {[%clk 0:06:43]} 33. Qd3
{[%clk 0:00:32]} Rc4 {[%clk 0:04:58]} 34. h4 {[%clk 0:00:35]} Rd4
{[%clk 0:02:25]} 35. Qb3 {[%clk 0:00:31]} Rcc4 {[%clk 0:02:05]} 36. Rae1
{[%clk 0:00:34]} Nxe4 {[%clk 0:01:49]} 37. Rxe4 {[%clk 0:00:48]} Qxd5
{[%clk 0:02:02]} 38. Qxc4 {[%clk 0:00:32]} Qxc4 {[%clk 0:02:02]} 39. Rxd4
{[%clk 0:00:47]} Qxd4 {[%clk 0:02:15]} 40. b3 {[%clk 0:01:00]} Qd5+
{[%clk 0:02:30]} 41. Kf2 {[%clk 0:01:22]} Qxb3 {[%clk 0:02:48]} 42. a5
{[%clk 0:01:49]} Qa2+ {[%clk 0:03:09]} 43. Re2 {[%clk 0:02:10]} Qxa5
{[%clk 0:03:36]} 44. Kf3 {[%clk 0:02:33]} b3 {[%clk 0:03:54]} 45. Ke4
{[%clk 0:02:54]} Qb4+ {[%clk 0:04:15]}  0-1

[Event "Olomouc Chess Summer 2022 - B1"]
[Site "Olomouc (CZE), Hotel Flora"]
[Date "2022.08.19"]
[Round "8"]
[Board "3"]
[White "Stinka, Jakub"]
[Black "Kusa, Jakub"]
[Result "1/2-1/2"]
[WhiteElo "2329"]
[BlackElo "2373"]
[PlyCount "0"]
[EventDate "2022.08.13"]
[EventRounds "9"]
[EventCountry "CZE"]

1. d4 {[%clk 1:30:54]} d5 {[%clk 1:30:51]} 2. c4 {[%clk 1:31:08]} e6
{[%clk 1:31:12]} 3. Nc3 {[%clk 1:31:24]} a6 {[%clk 1:31:30]} 4. cxd5
{[%clk 1:31:18]} exd5 {[%clk 1:31:52]} 5. Nf3 {[%clk 1:31:23]} c6
{[%clk 1:31:46]} 6. e4 {[%clk 1:28:52]} dxe4 {[%clk 1:31:51]} 7. Ng5
{[%clk 1:29:12]} Be7 {[%clk 1:31:27]} 8. Bc4 {[%clk 1:28:32]} Nh6
{[%clk 1:31:09]} 9. Ngxe4 {[%clk 1:28:13]} Nf5 {[%clk 1:31:08]} 10. d5
{[%clk 1:27:01]} O-O {[%clk 1:30:09]} 11. O-O {[%clk 1:24:35]} cxd5
{[%clk 1:22:13]} 12. Nxd5 {[%clk 1:21:41]} b5 {[%clk 1:16:03]} 13. Bb3
{[%clk 1:15:35]} Nc6 {[%clk 1:12:19]} 14. Bf4 {[%clk 1:13:40]} Be6
{[%clk 1:08:26]} 15. Rc1 {[%clk 1:03:02]} Rc8 16. Nxe7+ {[%clk 0:43:18]} Nfxe7
{[%clk 0:56:36]} 17. Nd6 {[%clk 0:36:49]} Bxb3 {[%clk 0:54:51]} 18. axb3
{[%clk 0:30:17]} Ra8 {[%clk 0:54:11]} 19. Qf3 {[%clk 0:25:44]} Nd4
{[%clk 0:49:42]} 20. Qe4 {[%clk 0:24:37]} Ne6 {[%clk 0:47:53]} 21. Bg3
{[%clk 0:20:52]} Ra7 {[%clk 0:44:03]} 22. Rfe1 {[%clk 0:18:03]} Qd7
{[%clk 0:34:43]} 23. Red1 {[%clk 0:13:48]} Rc7 {[%clk 0:18:35]} 24. Nc4
{[%clk 0:09:14]} Qc6 {[%clk 0:18:24]} 25. Qe1 {[%clk 0:08:57]} Rd7
{[%clk 0:17:02]} 26. Nd6 {[%clk 0:08:55]} Qa8 {[%clk 0:11:51]} 27. Nc8
{[%clk 0:06:43]} Nd5 {[%clk 0:11:22]} 28. Nd6 {[%clk 0:03:30]} Ndf4
{[%clk 0:09:13]} 29. Bxf4 {[%clk 0:03:03]} Nxf4 {[%clk 0:09:17]} 30. Qe4
{[%clk 0:02:57]} Rxd6 {[%clk 0:06:41]} 31. Qxf4 {[%clk 0:03:19]} Rxd1+
{[%clk 0:07:04]} 32. Rxd1 {[%clk 0:03:47]} Rd8 {[%clk 0:07:08]} 33. Rxd8+
{[%clk 0:03:04]} Qxd8 {[%clk 0:07:26]} 34. h3 {[%clk 0:03:08]} g6
{[%clk 0:07:07]} 35. b4 {[%clk 0:03:00]} Qe7 {[%clk 0:05:44]}  1/2-1/2

[Event "Olomouc Chess Summer 2022 - B1"]
[Site "Olomouc (CZE), Hotel Flora"]
[Date "2022.08.19"]
[Round "8"]
[Board "5"]
[White "Jasny, Stanislav"]
[Black "Gimenez Menchon, Cesar"]
[Result "0-1"]
[WhiteElo "2248"]
[BlackElo "2205"]
[PlyCount "0"]
[EventDate "2022.08.13"]
[EventRounds "9"]
[EventCountry "CZE"]

1. d4 {[%clk 1:30:55]} d6 {[%clk 1:30:30]} 2. e4 {[%clk 1:30:51]} Nf6
{[%clk 1:30:55]} 3. Nc3 {[%clk 1:30:49]} e5 {[%clk 1:31:19]} 4. Nf3
{[%clk 1:30:43]} Nbd7 {[%clk 1:31:44]} 5. Bc4 {[%clk 1:30:14]} Be7
{[%clk 1:32:05]} 6. O-O {[%clk 1:30:02]} O-O {[%clk 1:32:24]} 7. Re1
{[%clk 1:29:51]} c6 {[%clk 1:32:46]} 8. a4 {[%clk 1:29:54]} a5 {[%clk 1:32:58]}
9. b3 {[%clk 1:27:36]} exd4 {[%clk 1:32:15]} 10. Nxd4 {[%clk 1:26:30]} Ne5
{[%clk 1:32:23]} 11. Bf1 {[%clk 1:26:19]} Re8 {[%clk 1:32:29]} 12. h3
{[%clk 1:22:03]} d5 {[%clk 1:21:36]} 13. f4 {[%clk 1:17:55]} Bb4 {[%clk 1:15:13]}
14. Bb2 {[%clk 1:09:38]} Ng6 {[%clk 1:07:43]} 15. e5 {[%clk 1:09:31]} Qb6
{[%clk 1:06:39]} 16. Kh2 {[%clk 0:56:49]} Bxc3 {[%clk 0:57:31]} 17. Bxc3
{[%clk 0:57:09]} Ne4 18. Rxe4 {[%clk 0:47:37]} dxe4 {[%clk 0:58:12]} 19. Qc1
{[%clk 0:48:00]} Rd8 {[%clk 0:55:45]} 20. Qe3 {[%clk 0:46:02]} Qc5
{[%clk 0:46:37]} 21. Bb2 {[%clk 0:43:28]} Ne7 {[%clk 0:39:49]} 22. c4
{[%clk 0:33:11]} g6 {[%clk 0:35:14]} 23. g4 {[%clk 0:32:22]} h5 {[%clk 0:30:53]}
24. Be2 {[%clk 0:29:46]} hxg4 {[%clk 0:19:47]} 25. hxg4 {[%clk 0:27:39]} g5
{[%clk 0:20:13]} 26. Qxe4 {[%clk 0:26:11]} Ng6 {[%clk 0:18:08]} 27. Rf1
{[%clk 0:19:38]} gxf4 {[%clk 0:11:40]} 28. Nf5 {[%clk 0:12:04]} Be6
{[%clk 0:05:52]} 29. Bc3 {[%clk 0:08:25]} b6 {[%clk 0:03:44]} 30. Bd3
{[%clk 0:03:24]} Rd7 {[%clk 0:01:18]} 31. Rf3 {[%clk 0:03:17]} Rad8
{[%clk 0:01:15]} 32. Nd6 {[%clk 0:03:36]} Bxg4 {[%clk 0:01:13]} 33. Rxf4
{[%clk 0:03:23]} Rxd6 {[%clk 0:01:22]} 34. exd6 {[%clk 0:02:53]} Qxd6
{[%clk 0:01:42]} 35. Bf6 {[%clk 0:01:49]} Qxf4+ {[%clk 0:01:27]}  0-1